Juan Luis Vives : un gran humanista /

Detalles Bibliográficos
Autor principal: Hernàndez i Dobon, Francesc Jesús, 1959- (Autor)
Formato: Electrónico eBook
Lenguaje:español
Publicado: [España] : Editorial Sargantana, [2019]
Colección:Personajes ilustres (Editorial Sargantana) ; 2.
Materias:
Acceso en línea:Digitalia Hispánica

MARC

LEADER 00000nam a2200000Ii 4500
001 DIGSARGT0016
003 NyNyDIG
008 231002s2019 sp a ob 000 0bspa d
006 m o d
007 cr |||||||||||
035 |a (OCoLC)1402838941 
040 |a DGITA  |b eng  |e rda  |e pn  |c DGITA 
020 |z 9788417731021 
043 |a e-sp--- 
050 1 4 |a B785.V64 ebook 
100 1 |a Hernàndez i Dobon, Francesc Jesús,  |d 1959-  |e author. 
245 1 0 |a Juan Luis Vives :  |b un gran humanista /  |c Francesc J. Hernàndez. 
264 1 |a [España] :  |b Editorial Sargantana,  |c [2019] 
300 |a 1 online resource :  |b illustrations. 
336 |a text  |b txt  |2 rdacontent 
337 |a computer  |b c  |2 rdamedia 
338 |a online resource  |b cr  |2 rdacarrier 
347 |a text file  |2 rdaft 
347 |b PDF 
490 1 |a Personajes ilustres ;  |v 2 
504 |a Includes bibliographical references. 
588 0 |a Online resource; title from PDF title page (Digitalia, viewed October 2, 2023) 
600 1 0 |a Vives, Juan Luis,  |d 1492-1540. 
650 0 |a Philosophers  |z Spain  |v Biography. 
791 2 |a Digitalia (Firm),  |e distributor. 
793 0 |g Digitalia eBook Collection:  |a Editorial Sargantana 
776 0 8 |i Print version:  |a Hernàndez i Dobon, Francesc Jesús, 1959-  |t Juan Luis Vives.  |b Primera edición.  |d [España] : Editorial Sargantana, [2019]  |z 9788417731021 
830 0 |a Personajes ilustres (Editorial Sargantana) ;  |v 2. 
856 4 0 |3 Digitalia Hispánica  |u https://www.digitaliapublishing.com/a/61831/ 
910 |a Premium collection: 2023